| 000 | 00964nam0a22003011 4500 | ||
|---|---|---|---|
| 001 | rc\4960475 | ||
| 005 | 20250612214258.0 | ||
| 035 | _a(NLR Aleph) 008862167 | ||
| 090 |
_a8468152 _c8468152 |
||
| 100 | _a20130426d1967 |||y0rusy50 ca | ||
| 101 | 0 | _arus | |
| 102 | _aRU | ||
| 105 | _aa z ||||| | ||
| 200 | 1 |
_aРаскисление титаном жидкого железа и жидкой 18Cr-8Ni _fК. Сегава, Е. Цунетоми, Я. Накамура, Х. Чино |
|
| 210 |
_a[Москва _cБ. и. _d1967] |
||
| 215 |
_a24 с. _cил. _d29 |
||
| 300 | _aБез тит. л. и обл. | ||
| 300 | _aОтпеч. множит. аппаратом | ||
| 320 | _aБиблиогр.: с. 18-19 | ||
| 701 | 1 |
_aНакамура _bЯ. |
|
| 701 | 1 |
_aЧино _bХ. |
|
| 701 | 1 |
_aЦунетоми _bЕ. |
|
| 701 | 1 |
_aСегава _bК. |
|
| 801 | 0 |
_aRU _bNLR _gpsbo |
|
| 801 | 1 |
_aRU _bELAR _2rusmarc |
|
| 852 |
_aNLR _j67.8/1207 |
||
| 942 | _cBOOK | ||
| 980 | _aNB | ||